Language Quiz

Random Language or Letter Quiz

3-in-1 Word Grid Quiz Stats

 Plays Quiz Updated Apr 7, 2015

Also try: 4-Letter Word Grid
Challenge
Share
Tweet
Score 0/56 Timer 09:00
0 Plays Today
% Correct
WENT
78.3%
TILE
72.2%
LOST
69.9%
HOST
68.6%
THEN
65.2%
TENT
64.5%
POST
64.2%
SHOT
62.9%
PELT
62.2%
RANT
62.1%
TALE
61.4%
MAST
61%
SORT
60.5%
PORT
59.8%
TINT
59.8%
HUNT
58.1%
LENT
57.5%
SLOT
57.5%
MOST
55.9%
HILT
54.9%
MOLT
53.6%
WHET
52.4%
TUNE
51.8%
SENT
51.4%
TENS
51.4%
NEST
49.9%
WEST
49.3%
POET
46.5%
% Correct
TAUT
45.9%
TEAT
45.3%
TWIN
43.7%
MIST
43.3%
LEST
41.3%
NEWT
41.2%
TINE
40.9%
WHIT
39.4%
TANS
39.2%
LOUT
37.8%
SHUT
37.8%
WELT
34.7%
TEAL
34.6%
TEAR
34.6%
MINT
34.6%
TARS
33.6%
HEAT
29.5%
NEAT
28.9%
SEAT
24.1%
TORS
22.3%
ALIT
20.5%
AUNT
17.9%
TIES
17.7%
THEW
14.7%
TOSH
13.6%
TARO
12.6%
UNIT
12.5%
OMIT
6.7%

You're not logged in!

Compare scores with friends on all Sporcle quizzes.
OR
Log In

You Might Also Like...

Show Comments

Extras

Top Quizzes Today


Score Distribution

Your Account Isn't Verified!

In order to create a playlist on Sporcle, you need to verify the email address you used during registration. Go to your Sporcle Settings to finish the process.

Report this User

Report this user for behavior that violates our Community Guidelines.

Details: